000 02371aam a2200337 i 4500
001 768714001
003 CO-MdFUSB
005 20231130112933.0
007 ta
008 231030t20102011spa||||g |||| 00| 0 spa d
020 _a9788439723578
040 _aCO-MdFUSB
_bspa
_cCO-MdFUSB
_dCO-MdFUSBC
_erda
041 _aspa
_heng
082 _223
_a823.914
_bP982
100 _aPullman, Philip,
_eautor
240 _aThe good man Jesus and the scoundrel Christ
245 3 _aEl buen Jesús y el Cristo el malvado
_c/ Philip Pullman ; traducido por Matuca Fernández de Villavicencio
250 _aPrimera edición
264 1 _aBarcelona, España :
_bMondadori,
_c[2010]
264 4 _c©2011
300 _a190 páginas
_c; 22 cm
336 _2rdacontent
_atexto
_btxt
337 _2rdamedia
_asin mediación
_bn
338 _2rdacarrier
_avolumen
_bnc
520 _a«Esta es la historia de Jesús y su hermano Cristo, de cómo nacieron, de cómo vivieron y de cómo murió uno de ellos. La muerte del otro no forma parte de esta historia.» Así comienza esta novela ingeniosa y polémica que revisita la historia más influyente de todos los tiempos: la vida de Jesús. Todo comienza cuando la virgen María da a luz a gemelos a los que llama Jesús y Cristo. Los hermanos son muy diferentes entre sí. Mientras que Jesús es carismático, predica la compasión incondicional y condena la hipocresía religiosa, Cristo es un intelectual apocado, pero con una determinación: hacer que la palabra de su hermano pase a la historia. El buen Jesús y Cristo el malvado plantea interrogantes al lector que siguen resonando mucho después de su lectura y reflexiona acerca de cómo la verdad se convierte en historia. «Narrado en una prosa sencilla y sin artificios y, sin embargo, hermosamente eficaz.» Sunday Times. «Uno de los mejores escritores británicos de su generación.» Newsweek. «A partir de estos dos personajes en conflicto -una especie de Jekyll y Hyde galileos-, Pullman reinterpreta y reconstruye provocativamente (los cristianos ya hablan de blasfemia) el más importante texto de referencia de la cristiandad.» Manuel Rodríguez Rivero, El País.
563 _aPasta dura.
650 7 _2embne
_92265
_aLiteratura hispanoamericana
700 _98891
_aFernández de Villavicencio, Matuca,
_etraductor
942 _cBK
945 _asor1564
999 _c69227
_d69227